A pártrendszer és választási rendszer összefüggései Magyarországon
Elmentve itt :
| Szerző: | |
|---|---|
| További közreműködők: | |
| Dokumentumtípus: | Szakdolgozat |
| Megjelent: |
2005
|
| Tárgyszavak: | |
| Online Access: | http://diploma.bibl.u-szeged.hu/29035 |
| LEADER | 00589nta a2200157 i 4500 | ||
|---|---|---|---|
| 001 | dipl29035 | ||
| 005 | 20130314090043.0 | ||
| 008 | 110818s2005 hu om 0|| zxx d | ||
| 040 | |a SZTE Diploma Repozitórium |b hun | ||
| 041 | |a zxx | ||
| 100 | 1 | |a Fábián Mihály | |
| 245 | 1 | 2 | |a A pártrendszer és választási rendszer összefüggései Magyarországon |h [elektronikus dokumentum] / |c Mihály Fábián |
| 260 | |c 2005 | ||
| 650 | 4 | |a Jogi és igazgatási tanulmányok | |
| 700 | 1 | |a Fábián György |e ths | |
| 856 | 4 | 0 | |u http://diploma.bibl.u-szeged.hu/id/eprint/29035/1/2005_fabian_mihaly.pdf |z Dokumentum-elérés |